Jednoduché účtovníctvo podľa nových zásad : Príklady vedenia účtovníctva v peňažnom denníku. Vzor účtovných tlačív /

Na minha lista:
Detalhes bibliográficos
Main Authors: Mestický, Peter (Author), Králik, Peter (Author)
Formato: Livro
Idioma:eslovaco
Publicado em: Bratislava : FITR, 1993
Assuntos:
Acesso em linha:OBSAH
Tags: Adicionar Tag
Sem tags, seja o primeiro a adicionar uma tag!

MARC

LEADER 00000nam a22000003a 4500
001 stu43585
005 20150617225717.4
008 941114s1993----cs------------------slo-d
040 |a STU  |b slo 
041 0 |a slo 
044 |a cs 
080 |a 657.11 
100 1 |a Mestický, Peter  |4 aut 
245 1 |a Jednoduché účtovníctvo podľa nových zásad :  |b Príklady vedenia účtovníctva v peňažnom denníku. Vzor účtovných tlačív /  |c [aut.]Peter Mestický, Peter Králik 
260 |a Bratislava :  |b FITR,  |c 1993 
300 |a 88 s 
650 7 |a Účtovníctvo jednoduché  |2 stusub 
700 1 |a Králik, Peter  |4 aut 
856 4 |a https://sweb.mtf.stuba.sk/obsahy/jednoduche_uctovnictvo_podla_novych_zasad_93.pdf  |u https://sweb.mtf.stuba.sk/obsahy/jednoduche_uctovnictvo_podla_novych_zasad_93.pdf  |3 OBSAH 
996 |b 284M038466  |c M*8818-1  |l MMKN  |s A  |a 24  |w stu43585_0001 
996 |b 284M025591  |c M*8818-2  |l MMKN  |s A  |a 24  |w stu43585_0002 
996 |b 284M025593  |c M*8818-3  |l MMKN  |s A  |a 24  |w stu43585_0003